Every Country to win a Paralympic Medal: Lawn Bowls - Statistics

General Stats
  • This quiz has been taken 6 times
  • The average score is 8 of 21
Answer Stats
# of Medals Country/Team % Correct
20 Australia
83%
7 Canada
83%
6 France
83%
12 Ireland
83%
2 New Zealand
83%
12 USA
83%
1 Germany
67%
1 Brazil
50%
2 Italy
50%
5 Japan
50%
4 Austria
17%
1 Egypt
17%
8 Indonesia
17%
11 South Africa
17%
3 South Korea
17%
84 Great Briatin
0%
2 Hong Kong
0%
2 Israel
0%
1 Kenya
0%
1 Malta
0%
2 Zimbabwe
0%
No matching quizzes found
Score Distribution
Percent of People with Each Score
Percentile by Number Answered
Your Score History
You have not taken this quiz